Aux marges d'al-Andalus (Record no. 181023)

MARC details
000 -LEADER
campo de control de longitud fija 01696nam a2200397 i 4500
001 - NÚMERO DE CONTROL
campo de control 181023
003 - IDENTIFICADOR DE NÚMERO DE CONTROL
campo de control ES-MaACL
005 - FECHA Y HORA DE LA ÚLTIMA TRANSACCIÓN
campo de control 20250720044319.0
008 - DATOS DE LONGITUD FIJA--INFORMACIÓN GENERAL
campo de control de longitud fija 121002s2010 fi a |||| | fra
020 ## - NÚMERO INTERNACIONAL ESTÁNDAR DEL LIBRO
Número Internacional Estándar del Libro 978-951-41-1033-7 (vol. I)
080 ## - NÚMERO DE LA CLASIFICACIÓN DECIMAL UNIVERSAL
Número de la Clasificación Decimal Universal 930.85(460.25=411.21)"04/14"(043.2)
080 ## - NÚMERO DE LA CLASIFICACIÓN DECIMAL UNIVERSAL
Número de la Clasificación Decimal Universal 911.37(460.25)"04/14"(043.2)
080 ## - NÚMERO DE LA CLASIFICACIÓN DECIMAL UNIVERSAL
Número de la Clasificación Decimal Universal 94(460.25)"04/14"(043.2)
080 ## - NÚMERO DE LA CLASIFICACIÓN DECIMAL UNIVERSAL
Número de la Clasificación Decimal Universal 904(460.25):7.033.3(043.2)
100 1# - ENTRADA PRINCIPAL--NOMBRE DE PERSONA
Nombre de persona Gilotte, Sophie.
9 (RLIN) 151529
245 10 - MENCIÓN DEL TÍTULO
Título Aux marges d'al-Andalus
Resto del título : peuplement et habitat en Estrémadure centre-orientale (VIIIe-XIIIe siècles) /
Mención de responsabilidad, etc. Sophie Gilotte.
260 ## - PUBLICACIÓN, DISTRIBUCIÓN, ETC.
Lugar de publicación, distribución, etc. [Helsinki] :
Nombre del editor, distribuidor, etc. Academia Scientiarum Fennica,
Fecha de publicación, distribución, etc. [2010]
300 ## - DESCRIPCIÓN FÍSICA
Extensión 355 p. :
Otras características físicas il. col. y n. ;
Dimensiones 25 cm +
Material acompañante/anejo 1 CD-ROM.
490 1# - MENCIÓN DE SERIE
Mención de serie Suomalaisen Tiedeakademian toimituksia. Humaniora ;
Designación de volumen o secuencia 356
490 1# - MENCIÓN DE SERIE
Mención de serie Annales Academiae Scientiarum Fennicæ
500 ## - NOTA GENERAL
Nota general Texto impreso: numerado como vol. I.
500 ## - NOTA GENERAL
Nota general CD-ROM: numerado como vol. II.
502 ## - NOTA DE TESIS
Nota de tesis Tesis: Université de Paris IV-Paris-Sorbonne, 2004.
504 ## - NOTA DE BIBLIOGRAFÍA, ETC.
Nota de bibliografía, etc. Bibliografía: p. 332-352.
650 #7 - PUNTO DE ACCESO ADICIONAL DE MATERIA--TÉRMINO DE MATERIA
Término de materia o nombre geográfico como elemento de entrada Civilización musulmana-
Subdivisión geográfica Extremadura.
9 (RLIN) 151530
651 #7 - PUNTO DE ACCESO ADICIONAL DE MATERIA--NOMBRE GEOGRÁFICO
Nombre geográfico Extremadura-
Subdivisión general Historia-
Subdivisión cronológica S.V-XV.
9 (RLIN) 151531
651 #7 - PUNTO DE ACCESO ADICIONAL DE MATERIA--NOMBRE GEOGRÁFICO
Nombre geográfico Extremadura-
Subdivisión general Restos arqueológicos musulmanes.
9 (RLIN) 151532
830 0# - PUNTO DE ACCESO ADICIONAL DE SERIE-TÍTULO UNIFORME
Título uniforme Suomalaisen Tiedeakademian toimituksia. Humaniora ;
Designación de volumen o secuencia 356
9 (RLIN) 224674
830 00 - PUNTO DE ACCESO ADICIONAL DE SERIE-TÍTULO UNIFORME
Título uniforme Annales Academiae Scientiarum Fennicæ
9 (RLIN) 233538
852 ## - LOCALIZACIÓN
Ubicación ES-MaACL
Número de control de estantería A-12235
itemnumber 187905
Sublocalización o colección R.147102
Ubicación en estantería Depósito 1
Signatura antigua Olim: N-5240
Encuadernación Donación: R.A.E
852 ## - LOCALIZACIÓN
Ubicación ES-MaACL
Número de control de estantería ROT 2/7/4 (CD-ROM)
914 ## - NOMBRE ENTIDAD DE DONANTE
RLIN 6336
Nombre de congreso/reunión o jurisdicción como elemento de entrada Real Academia Española
Unidad subordinada Donante
942 ## - ELEMENTOS DE ENTRADA SECUNDARIOS (KOHA)
Fuente del sistema de clasificación o colocación Clasificación decimal universal
Tipo de ítem Koha Libro impreso
Holdings
Estatus retirado Estado de pérdida Fuente del sistema de clasificación o colocación Estado de daño No para préstamo Biblioteca de origen Biblioteca actual Ubicación en estantería Fecha de adquisición Fuente de adquisición Total de préstamos Signatura topográfica completa Código de barras Visto por última vez Precio de reemplazo Tipo de ítem Koha
    Clasificación decimal universal     Biblioteca del Ateneo de Madrid Biblioteca del Ateneo de Madrid Depósito 1 02/10/2012 Donación   A-12235 1190232 23/02/2023 23/02/2023 Libro impreso
    Clasificación decimal universal     Biblioteca del Ateneo de Madrid Biblioteca del Ateneo de Madrid Depósito 02/10/2012     ROT 2/7/4 1190233 23/02/2023 23/02/2023 Archivo de ordenador en CD-ROM, CD o disquete